Normal view
MARC view
- Sawyer/Willams
Entry Personal Name
001 - CONTROL NUMBER
- control field: 1039
003 - CONTROL NUMBER IDENTIFIER
- control field: JO-AjAnu
005 - DATE AND TIME OF LATEST TRANSACTION
- control field: 20230606070456.0
008 - FIXED-LENGTH DATA ELEMENTS
- fixed length control field: 230606|| aca||aabn | a|a d
040 ## - CATALOGING SOURCE
- Original cataloging agency: JO-AjAnu
- Transcribing agency: JO-AjAnu
100 ## - HEADING--PERSONAL NAME
- Personal name: Sawyer/Willams
670 ## - SOURCE DATA FOUND
- Source citation: Work cat.: (JO-AjAnu)546: Sawyer/Willams, author, Using information Technology Apractica introduction to computer and communication